[Event "17th Petr Izmailov"]
[Site "Tomsk RUS"]
[Date "2013.06.14"]
[Round "4.21"]
[White "Tsydendambaev,A"]
[Black "Sviridov,Va"]
[Result "0-1"]
[WhiteElo "2070"]
[BlackElo "2243"]

1.c4 b6 2.Nc3 Bb7 3.e4 e6 4.Nge2 c5 5.g3 a6 6.Bg2 Qc7 7.O-O Nf6 8.d3 d6 9.f4 Nbd7
10.f5 exf5 11.Rxf5 g6 12.Rf1 Bg7 13.h3 O-O 14.Be3 Rfe8 15.Qd2 Bc6 16.a4 Rab8
17.Nf4 b5 18.axb5 axb5 19.cxb5 Bxb5 20.Nfd5 Nxd5 21.Nxd5 Qd8 22.Ra7 Bc6 23.Bg5 Bd4+
24.Kh1 f6 25.Rxd7 Qxd7 26.e5 Bxe5 27.Bxf6 Qe6 28.Qh6 Rb7 29.Bxe5 Bxd5 30.Bc3 Bxg2+
31.Kxg2 Rf7 32.Rxf7 Qxf7 33.Qd2 Qd5+ 34.Kh2 Qf3  0-1

[Event "DYTM Raja Nazrin Shah Masters"]
[Site "Kuala Lumpur MAS"]
[Date "2013.06.16"]
[Round "5.3"]
[White "Mas,H"]
[Black "Wohl,A"]
[Result "1-0"]
[WhiteElo "2347"]
[BlackElo "2369"]

1.c4 b6 2.d4 e6 3.Nc3 Bb4 4.Qc2 Bb7 5.a3 Bxc3+ 6.Qxc3 f5 7.Qg3 Kf8 8.Bg5 Qc8
9.Nh3 h6 10.Qh4 Qe8 11.f3 Nc6 12.O-O-O Nge7 13.Bd2 Kg8 14.Bc3 d5 15.e4 Ng6
16.Qg3 Qf7 17.cxd5 exd5 18.exf5 Nge7 19.Qxc7 Nxf5 20.Qf4 g5 21.Qd2 a5 22.Nf2 Nd6
23.Ng4 b5 24.Ne5 Qc7 25.Qc2 Rh7 26.Qg6+ Kh8 27.Bd3 b4 28.Qxh7+ Qxh7 29.Bxh7 bxc3
30.Bc2 cxb2+ 31.Kxb2 Nxe5 32.dxe5 Nc4+ 33.Ka2 Nxe5 34.Rhe1 Nc6 35.Re6  1-0

[Event "HSG Open A 2013"]
[Site "Hilversum NED"]
[Date "2013.06.22"]
[Round "3.4"]
[White "Miezis,N"]
[Black "Admiraal,M"]
[Result "1-0"]
[WhiteElo "2548"]
[BlackElo "2316"]

1.c4 b6 2.Nc3 Bb7 3.e4 e5 4.Nf3 Nc6 5.Be2 Bc5 6.O-O d6 7.a3 a5 8.d3 Nge7
9.Nb5 O-O 10.Rb1 Ba6 11.Nc3 Nd4 12.b4 Nxf3+ 13.Bxf3 axb4 14.axb4 Bd4 15.Ne2 c5
16.Nxd4 cxd4 17.Qb3 Bb7 18.g3 Kh8 19.Bg2 f5 20.f3 fxe4 21.fxe4 Rxf1+ 22.Bxf1 b5
23.c5 d5 24.Bg5 dxe4 25.Bg2 h6 26.Bxe7 Qxe7 27.dxe4 Qg5 28.h4 Qd2 29.Rd1 Ra3
30.Rxd2 Rxb3 31.Rf2 Rxg3 32.Rf8+ Kh7 33.Kf2 Rb3 34.Rb8 Bc6 35.Rb6 Be8 36.Re6 Bd7
37.Rxe5 Rxb4 38.Rd5 Bc8 39.c6 Rc4 40.Rd6 Rc5 41.Kg3 b4 42.e5 Rxe5 43.Rxd4 Rc5
44.Rxb4 Kg6 45.Bf3 Be6 46.Rf4 Rc3 47.Kf2 Bf5 48.Rb4 Kf6 49.h5 g6 50.hxg6 Bxg6
51.Rb6 Ke5 52.Rb8 Rxf3+ 53.Kxf3 Be4+ 54.Ke3 Bxc6 55.Rh8 Bd5 56.Rxh6 Be6 57.Rh5+ Kf6
58.Kf4 Kg6 59.Rg5+ Kf6 60.Rg3 Bf7 61.Ra3 Kg7 62.Kg5 Bc4 63.Ra7+ Kh8 64.Rd7 Bb3
65.Kg6 Bc2+ 66.Kf6 Bb3 67.Rc7 Bd5 68.Rc2 Be4 69.Rc8+ Kh7 70.Rc5 Bb1 71.Ra5 Bc2
72.Rb5 Bd3 73.Rc5 Bb1 74.Rh5+ Kg8 75.Rh2 Bd3 76.Rd2 Bb1 77.Rg2+ Kh8 78.Kf7 Bh7  1-0

[Event "III Marcel Duchamp Boca Jun Op"]
[Site "Buenos Aires ARG"]
[Date "2013.06.23"]
[Round "3.4"]
[White "Olivera,H"]
[Black "Tristan,L"]
[Result "1/2-1/2"]
[WhiteElo "2243"]
[BlackElo "2450"]

1.c4 b6 2.d4 Bb7 3.Nc3 e6 4.Nf3 f5 5.g3 Nf6 6.Bg2 Be7 7.O-O Ne4 8.Qc2 Nxc3
9.Qxc3 Bf6 10.b3 O-O 11.Bb2 d6 12.Rad1 Nd7 13.Ne1 Bxg2 14.Nxg2 Qe7 15.Qc2 g6  1/2-1/2

[Event "Gold Coast Open 2013"]
[Site "Gold Coast AUS"]
[Date "2013.06.24"]
[Round "6"]
[White "Grigg,S"]
[Black "Muller,J"]
[Result "1-0"]
[WhiteElo "2032"]
[BlackElo "2042"]

1.c4 b6 2.Nc3 c5 3.g3 Bb7 4.e4 e6 5.Bg2 d6 6.Nge2 a6 7.a3 Nf6 8.O-O Qc7 9.d4 cxd4
10.Nxd4 Be7 11.Qe2 Nbd7 12.Rd1 O-O 13.Be3 Rac8 14.b3 b5 15.cxb5 Qxc3 16.bxa6 Ba8
17.b4 Qc4 18.Qxc4 Rxc4 19.Bf1 Rcc8 20.f3 d5 21.exd5 Nxd5 22.Bf2 Bf6 23.f4 N7b6
24.Rac1 Rfd8 25.Nb5 Na4 26.Rxc8 Rxc8 27.Nd6 Rd8 28.Nb7 Rc8 29.Nc5 Nac3 30.Re1 Bc6
31.Nb7 Rb8 32.a7 Ra8 33.Nd6 Be7 34.Nc4 Nb5 35.Ne5 Be8 36.Rc1 f6 37.Nc6 Nxa3
38.Nxe7+ Nxe7 39.Rc7 Nd5 40.Rb7 Bc6 41.Rb8+ Kf7 42.b5  1-0

[Event "Mukachevo Summer"]
[Site "Mukachevo UKR"]
[Date "2013.06.28"]
[Round "7.2"]
[White "Kovalev,De"]
[Black "Zubov,A UKR"]
[Result "1/2-1/2"]
[WhiteElo "2508"]
[BlackElo "2591"]

1.c4 b6 2.Nc3 Bb7 3.Nf3 e6 4.d4 Nf6 5.a3 d5 6.Bg5 Be7 7.e3 O-O 8.Rc1 c5 9.cxd5 Nxd5
10.Bxe7 Qxe7 11.dxc5 bxc5 12.Be2 Rc8 13.O-O Nd7 14.Qa4 c4 15.Rfd1 N7b6 16.Qc2 Rab8
17.Nxd5 Bxd5 18.Nd2 c3 19.bxc3 Qxa3 20.c4 Qe7 21.Qa2 Bc6 22.Bf3 Ra8 23.Qa6 Nd7
24.Bxc6 Nc5 25.Qa3 Rxc6 26.Nb3 Kf8 27.Nxc5 Qxc5 28.Qa4 Rc7 29.Qa6 Ke7 30.h3 g6
31.Rb1 Kf8 32.Rb7 Rac8 33.Rd7 Rxd7 34.Rxd7 Rc7 35.Rxc7 Qxc7 36.Kf1 h5 37.h4 Ke7
38.Ke2 Kd7 39.g3 Ke7 40.Qa3+ Kd7 41.Qa6 Qc5 42.Qb7+ Qc7 43.Qa6  1/2-1/2

[Event "22nd Anderssen Mem Eliminacje"]
[Site "Wroclaw POL"]
[Date "2013.06.29"]
[Round "8"]
[White "Markowski,P"]
[Black "Czachor,G"]
[Result "1-0"]
[WhiteElo "2139"]
[BlackElo "2004"]

1.c4 b6 2.e4 Bb7 3.Nc3 e5 4.d4 exd4 5.Qxd4 Nc6 6.Qd3 Nf6 7.Bg5 Be7 8.O-O-O d6
9.f4 O-O 10.Nf3 h6 11.Bh4 Nb4 12.Qd2 a5 13.a3 Na6 14.e5 dxe5 15.Qc2 Qe8 16.fxe5 Ng4
17.Bxe7 Qxe7 18.Re1 Rad8 19.h3 Bxf3 20.gxf3 Qg5+ 21.Kb1 Rd2 22.Ne4 Rxc2 23.Nxg5 Nf2
24.Kxc2 Nxh1 25.Ne4 Nc5 26.Nxc5 bxc5 27.h4 Ng3 28.Bh3 Nh5 29.e6 fxe6 30.Bxe6+ Kh8
31.Re5 Nf4 32.Bg4 g6 33.Rxc5 h5 34.Bd7 Ng2 35.Rxc7 Nxh4 36.c5 Nxf3 37.c6 Ne5
38.b4 axb4 39.axb4 Rb8 40.Kc3 Kg7 41.Bh3+ Kf6 42.Bg2 Ke6 43.Rb7 Rc8 44.b5 Kd6
45.Kd4 g5 46.Rh7 Ng4 47.Rxh5 Rb8 48.Rxg5 Nf6 49.Bf1 Kc7 50.Ke5 Ne8 51.Rg6 Kb6
52.Ke6 Nc7+ 53.Kd7 Rf8 54.Bd3 Rf3 55.Rd6 Rf7+ 56.Kc8 Rf8+ 57.Kd7 Rf7+ 58.Kd8 Rf8+
59.Ke7 Re8+ 60.Kf7 Re3 61.Rd8 Nxb5 62.Bxb5 Kc7  1-0

[Event "IsBank TCh-TUR 2013"]
[Site "Denizli TUR"]
[Date "2013.07.01"]
[Round "3.7"]
[White "Arat,Uf"]
[Black "Yurtseven,M"]
[Result "0-1"]
[WhiteElo "2185"]
[BlackElo "2166"]

1.c4 b6 2.Nc3 Bb7 3.e4 e6 4.g3 c5 5.Bg2 Nf6 6.Nge2 d6 7.O-O Nc6 8.d3 Be7
9.h3 O-O 10.Be3 Rc8 11.a3 a6 12.Qd2 e5 13.Rae1 Nd4 14.f4 Nd7 15.Nd5 Bxd5
16.exd5 f5 17.h4 Nxe2+ 18.Rxe2 Bf6 19.Bh3 g6 20.h5 exf4 21.Bxf4 Ne5 22.hxg6 hxg6
23.Bxe5 Bxe5 24.Qh6 Qf6 25.g4 Rc7 26.g5 Qg7 27.Qxg7+ Rxg7 28.Bg2 Bd4+ 29.Kh2 Be5+
30.Kg1 Bd4+ 31.Kh2 Rh7+ 32.Kg3 Be5+ 33.Kf3 Rh5 34.Rfe1 Kf7 35.Rxe5 Re8 36.Rxe8  0-1

[Event "TCh-MNE Prem 2013"]
[Site "Cetinje MNE"]
[Date "2013.07.02"]
[Round "9.3"]
[White "Milanovic,Sla"]
[Black "Sale,S"]
[Result "1/2-1/2"]
[WhiteElo "2429"]
[BlackElo "2407"]

1.c4 b6 2.Nc3 Bb7 3.e4 e6 4.Nf3 Bb4 5.Bd3 Ne7 6.O-O O-O 7.Ne2 f5 8.Ng3 f4
9.Ne2 Ng6 10.a3 Bd6 11.Bc2 Nh4 12.d4 Nxf3+ 13.gxf3 Qh4 14.Kh1 Rf6 15.Rg1 Qxf2
16.Qd3 Rh6 17.Rg2 Qf1+ 18.Rg1 Qf2 19.Rg2 Qf1+ 20.Rg1  1/2-1/2

[Event "41st TCh-GRE"]
[Site "Rio (Achaia) GRE"]
[Date "2013.07.02"]
[Round "1.4"]
[White "Vazelakis,D"]
[Black "Liodakis,K"]
[Result "0-1"]
[WhiteElo "1982"]
[BlackElo "2156"]

1.c4 b6 2.Nf3 Bb7 3.e3 f5 4.b3 Nf6 5.Bb2 e6 6.Be2 Be7 7.Nc3 O-O 8.O-O h6
9.d4 d6 10.b4 Ne4 11.d5 Bf6 12.Rc1 a5 13.a3 axb4 14.axb4 Bxc3 15.Bxc3 e5
16.Nd2 Nxc3 17.Rxc3 Nd7 18.Rc1 Ra2 19.Nb1 Rb2 20.Qe1 b5 21.cxb5 Nb6 22.Nc3 Qg5
23.Ra1 f4 24.Bf3 Nc4 25.Ne4 Qg6 26.Qc3 fxe3 27.Qxc4 Rxf3 28.Ng3 exf2+ 29.Kh1 Rxg3
30.Rxf2 Rxf2 31.hxg3 Qxg3 32.Qe4 Rf4 33.Qc2 Rh4+ 34.Kg1 Qe3+ 35.Qf2 Rh1+  0-1

[Event "41st TCh-GRE"]
[Site "Rio (Achaia) GRE"]
[Date "2013.07.03"]
[Round "2.9"]
[White "Ladas,Dimitrios"]
[Black "Kalogeris,I"]
[Result "0-1"]
[WhiteElo "1784"]
[BlackElo "2008"]

1.c4 b6 2.Nc3 e6 3.e4 Bb4 4.Nge2 Bb7 5.g3 f5 6.Bg2 Nf6 7.d3 O-O 8.O-O fxe4
9.dxe4 Ng4 10.Qc2 Bc5 11.Nd1 Nc6 12.h3 Nge5 13.Be3 Bxe3 14.Nxe3 Nf3+ 15.Kh1 Qf6
16.Rad1 d6 17.Qc3 Qxc3 18.Nxc3 Ncd4 19.Rd3 a6 20.Rfd1 c5 21.Bxf3 Rxf3 22.Kg2 Raf8
23.R3d2 b5 24.cxb5 axb5 25.b4 cxb4 26.Rxd4 Rxf2+ 27.Kg1 bxc3 28.Rxd6 R2f3
29.Ng2 c2 30.Rc1 Rf1+ 31.Rxf1 Rxf1+ 32.Kxf1 c1=Q+  0-1

[Event "41st TCh-GRE"]
[Site "Rio (Achaia) GRE"]
[Date "2013.07.03"]
[Round "3.4"]
[White "Skirianoglou,D"]
[Black "Paehtz,E"]
[Result "1/2-1/2"]
[WhiteElo "2068"]
[BlackElo "2454"]

1.c4 b6 2.Nc3 e6 3.e4 Bb7 4.g3 f5 5.Bg2 Nf6 6.Qc2 Na6 7.Nge2 Nc5 8.d3 fxe4
9.dxe4 e5 10.O-O Ne6 11.Nd5 c6 12.Ne3 Bc5 13.Bh3 Ng5 14.Bg2 O-O 15.Nf5 Nf7
16.Bd2 a5 17.a3 g6 18.Nh6+ Nxh6 19.Bxh6 Rf7 20.Bh3 Qe7 21.Rad1 Rd8 22.Kg2 d5
23.Bg5 Kg7 24.Qd2 Rd6 25.b4 dxe4 26.Qb2 axb4 27.axb4 Rxd1 28.Rxd1 Bxb4 29.Rd7 Qc5
30.Bh6+ Kxh6 31.Rxf7 Ba6 32.Rxf6 Bxc4 33.Be6 Kg5 34.Qc1+ Kxf6 35.Qxc4 Qxc4
36.Bxc4 Bd2 37.g4 Kg5 38.Be6 e3 39.fxe3 Bxe3 40.Kf3 Bf4 41.Nxf4 exf4 42.Bd7 c5
43.Bb5 h6 44.Bd3 Kh4 45.Bxg6 Kh3 46.Bd3 Kxh2 47.Kxf4 Kh3 48.Kf5 Kg3 49.Be2 Kf2
50.Bd1 b5 51.Kg6 Ke1 52.Bc2 c4 53.Kxh6 b4 54.g5 b3 55.Bxb3 cxb3 56.g6  1/2-1/2

[Event "Styrian Open A 2013"]
[Site "Bad Gleichenberg AUT"]
[Date "2013.07.07"]
[Round "2.12"]
[White "Chernukhin,Alexander"]
[Black "Chatalbashev,B"]
[Result "0-1"]
[WhiteElo "2080"]
[BlackElo "2560"]

1.c4 b6 2.Nc3 Bb7 3.Nf3 e6 4.a3 c5 5.d4 cxd4 6.Nxd4 Nf6 7.f3 d5 8.cxd5 Nxd5
9.Nxd5 exd5 10.Bf4 Be7 11.e3 O-O 12.Bb5 a6 13.Ba4 Bh4+ 14.g3 Bf6 15.Bxb8 Rxb8
16.Kf2 Rc8 17.Qd3 b5 18.Bb3 Re8 19.Rac1 Qd7 20.Rxc8 Bxc8 21.Re1 h5 22.Re2 h4
23.g4 Qd6 24.Ke1 h3 25.Nf5 Bxf5 26.Qxf5 Qc5 27.Qxd5 Qc1+ 28.Qd1 Bxb2 29.Qxc1 Bxc1
30.a4 Bxe3 31.axb5 axb5 32.Kd1 Rd8+ 33.Kc2 Bf4 34.Kb1 Kf8 35.Bc2 g5 36.Ka2 Rd4
37.Kb3 Bd6 38.Kc3 Rc4+ 39.Kb3 Rc7 40.Bd3 b4 41.Bc4 Kg7 42.Rd2 Rc6 43.Rc2 Be7
44.Rd2 Rf6 45.Bd5 Ra6 46.Kb2 Rd6 47.Kc2 Kf6 48.Bc4 Rxd2+ 49.Kxd2 Ke5 50.Bxf7 Kd4
51.Be8 Bd6 52.Bb5 Bxh2 53.Bf1 Bf4+  0-1

[Event "Werner-Ott-Open 2013"]
[Site "Berlin GER"]
[Date "2013.07.07"]
[Round "2.5"]
[White "Von Herman,U"]
[Black "Kupfer,M"]
[Result "1-0"]
[WhiteElo "2396"]
[BlackElo "2025"]

1.c4 b6 2.d4 Bb7 3.Nc3 Nf6 4.Nf3 Bxf3 5.gxf3 g6 6.f4 Bg7 7.e4 d6 8.e5 Nfd7
9.Bg2 c6 10.Be3 Qc8 11.h4 Na6 12.Qa4 c5 13.Bxa8 Qxa8 14.Nd5 e6 15.Qxa6 exd5
16.O-O-O cxd4 17.Rxd4 O-O 18.Rxd5 dxe5 19.fxe5 Nxe5 20.Rhd1 Qc6 21.c5 Ng4
22.Rd6 Qf3 23.c6 Nxe3 24.fxe3 Be5 25.R6d5 Qxe3+ 26.Kb1 Re8 27.Qc4 Qf3 28.Re1  1-0

[Event "IsBank TCh-TUR 2013"]
[Site "Denizli TUR"]
[Date "2013.07.07"]
[Round "10.7"]
[White "Arat,Uf"]
[Black "Javakhadze,Z"]
[Result "1-0"]
[WhiteElo "2185"]
[BlackElo "2450"]

1.c4 b6 2.Nc3 Bb7 3.e4 e5 4.g3 f5 5.Bg2 Nf6 6.d3 Bc5 7.Nge2 O-O 8.O-O fxe4
9.Nxe4 Nxe4 10.dxe4 a5 11.Qd3 Nc6 12.a3 a4 13.Be3 d6 14.Nc3 Nd4 15.Rad1 Nf3+
16.Kh1 Bxe3 17.fxe3 Ng5 18.Rxf8+ Qxf8 19.Nd5 Ne6 20.Rf1 Qd8 21.Qd1 Nc5 22.Bh3 Nxe4
23.Bg2 Nc5 24.Qg4 Kh8 25.Rf7 Qg8 26.Qf5 Bc8 27.Qf3 Bg4 28.Qf1 Be2 29.Qf5 Bxc4
30.Nf6 g6 31.Rxh7+ Qxh7 32.Qg5 Ne6 33.Qg4 Qf7 34.Bxa8 Qxf6 35.Qxc4 Nc5 36.Kg2 Kg7
37.Bc6 e4 38.Bxe4 Qxb2+ 39.Kh3 Qe5 40.Bc2  1-0

[Event "St. Pauli Open 2013"]
[Site "Hamburg GER"]
[Date "2013.07.07"]
[Round "2.7"]
[White "Johannsen,D"]
[Black "Scheerer,C"]
[Result "1-0"]
[WhiteElo "2095"]
[BlackElo "2373"]

1.c4 b6 2.Nf3 Bb7 3.Nc3 e6 4.d4 f5 5.a3 Nf6 6.Bf4 Be7 7.h3 O-O 8.e3 d6 9.Bd3 Ne4
10.Bxe4 fxe4 11.Nd2 d5 12.b4 a5 13.c5 axb4 14.axb4 Nc6 15.Rxa8 Qxa8 16.b5 Nb4
17.c6 Nd3+ 18.Kf1 Bc8 19.Qa4 Qb8 20.Ne2 Bd6 21.f3 Bb4 22.Nb3 exf3 23.gxf3 g5
24.Rg1 h6 25.Nbc1 Nxf4 26.Nxf4 Bd6 27.Qc2 Rf5 28.Nce2 Kf7 29.Ng3 gxf4 30.Nxf5 exf5
31.Qg2 Bf8 32.Qg8+ Ke7 33.Qh7+ Ke8 34.Rg8 Be6 35.Qg7  1-0

[Event "3rd SPAChess Open"]
[Site "Amsterdam NED"]
[Date "2013.07.08"]
[Round "3.3"]
[White "Riemersma,L"]
[Black "Sanders,I"]
[Result "1-0"]
[WhiteElo "2438"]
[BlackElo "2210"]

1.c4 b6 2.Nc3 Bb7 3.e4 e6 4.Nf3 Nf6 5.Qc2 c5 6.d4 Nc6 7.d5 Nd4 8.Nxd4 cxd4
9.Nb5 Bb4+ 10.Bd2 Bxd2+ 11.Qxd2 O-O 12.e5 exd5 13.exf6 Re8+ 14.Be2 dxc4 15.Qxd4 Re4
16.Qd2 Qxf6 17.f3 Re5 18.Nc3 d5 19.O-O-O Rae8 20.f4 Re3 21.Rhf1 g6 22.f5 Qg5
23.Bf3 d4 24.Bxb7 dxc3 25.bxc3 Rxc3+ 26.Kb1 Rce3 27.fxg6 Qxg6+ 28.Qc2 Rd3
29.Bd5 Rd8 30.Rxd3 cxd3 31.Qc6 Qg4 32.Bxf7+ Kg7 33.Qf6+  1-0

[Event "120th ch-SCO 2013"]
[Site "Helensburgh SCO"]
[Date "2013.07.08"]
[Round "3.18"]
[White "Grant,J"]
[Black "Lees,Fraser A"]
[Result "1-0"]
[WhiteElo "2235"]
[BlackElo "1802"]

1.c4 b6 2.d4 Bb7 3.d5 e5 4.Nc3 Nf6 5.Nf3 d6 6.e4 Nbd7 7.Bd3 Nc5 8.Bc2 a5
9.h3 Be7 10.Be3 Nfd7 11.Qd2 Ba6 12.b3 O-O 13.a4 Bf6 14.g4 g6 15.O-O-O Re8
16.h4 Nf8 17.Nb5 Bxb5 18.cxb5 Qe7 19.Rh3 Qd7 20.Rg1 Bg7 21.h5 f6 22.hxg6 hxg6
23.Nh4 Re7 24.f3 Kf7 25.Qh2 Ke8 26.g5 Rf7 27.gxf6 Rxf6 28.Rg4 Qf7 29.Qg2 Rf4
30.Rhg3 Ncd7 31.Nxg6 Nxg6 32.Rxg6 Bf6 33.Rg8+ Nf8 34.Qh3 Rd8 35.Bxf4 exf4
36.Rg2 Be5 37.R2g6 Qxg6 38.Rxg6 Nxg6 39.Qh7 Ne7 40.Bd3 Kf8 41.Bf1 Bg7 42.Bh3 Ng8
43.Be6 Nh6 44.Qg6 Re8 45.Kd1 Re7 46.Qg5 Nf7 47.Qxf4 Ke8 48.Qf5 Ne5 49.f4 Nd3
50.Kc2 Nc5 51.Qg6+ Kf8 52.Kd1 Nxb3 53.f5  1-0

[Event "28th Avoine Open"]
[Site "Avoine FRA"]
[Date "2013.07.20"]
[Round "1.49"]
[White "Malassagne,R"]
[Black "Lelong,E"]
[Result "0-1"]
[WhiteElo "2139"]
[BlackElo "1965"]

1.c4 b6 2.Nc3 Bb7 3.e4 e6 4.g3 g6 5.Bg2 Bg7 6.Nge2 d6 7.d4 Ne7 8.Bg5 Nd7
9.Qd2 h6 10.Be3 Nf6 11.f3 Qd7 12.O-O c6 13.Rac1 Kf8 14.Rfd1 Rd8 15.Rc2 Qc7
16.f4 Nd7 17.b4 Qb8 18.g4 Kg8 19.Qd3 f5 20.d5 cxd5 21.cxd5 e5 22.exf5 gxf5
23.gxf5 Kf7 24.Qe4 Rc8 25.fxe5 Bxe5 26.Bf4 Rhg8 27.Kh1 Nf6 28.Qd3 Rxg2 29.Kxg2 Nexd5
30.Nxd5 Nxd5 31.Qb3 Rxc2 32.Rxd5 Rxe2+ 33.Kf1 Bxd5 34.Qxd5+ Kg7 35.Bxh6+ Kxh6
36.Qe6+ Kh7 37.Qg6+ Kh8 38.Kxe2 Qf8 39.Qh5+ Kg8 40.Qg6+ Bg7 41.Kf3 Qf7 42.Qg4 Qd5+  0-1

[Event "9th Tabor Open 2013"]
[Site "Tabor CZE"]
[Date "2013.07.28"]
[Round "1.4"]
[White "Hausner,I"]
[Black "Valek,T"]
[Result "1-0"]
[WhiteElo "2387"]
[BlackElo "1857"]

1.c4 b6 2.Nc3 Bb7 3.d4 e6 4.a3 c5 5.d5 exd5 6.cxd5 d6 7.e4 Nf6 8.Nf3 Nbd7
9.Bb5 Be7 10.e5 dxe5 11.d6 a6 12.dxe7 Qxe7 13.Bxd7+ Nxd7 14.O-O O-O 15.Bg5 f6
16.Be3 Kh8 17.Nh4 f5 18.Qh5 Qe6 19.Rad1 f4 20.Rxd7 Qxd7 21.Ng6+ Kg8 22.Nxf8 Rxf8
23.Bc1 Rf5 24.Qd1 Qe7 25.f3 b5 26.Ne4 Bxe4 27.fxe4 Rf6 28.Qd5+ Qe6 29.Rd1 Kf7
30.Kf2 g5 31.h3 c4 32.Qxe6+ Rxe6 33.Rd7+ Kg6 34.Bd2 h5 35.Bc3 Kf6 36.Rd5  1-0

[Event "Politiken Cup 2013"]
[Site "Helsingor DEN"]
[Date "2013.07.29"]
[Round "4.7"]
[White "Carlstedt,J"]
[Black "Halkias,S"]
[Result "1/2-1/2"]
[WhiteElo "2387"]
[BlackElo "2565"]

1.c4 b6 2.Nc3 Bb7 3.e4 e6 4.Nge2 Nf6 5.e5 Ne4 6.Nxe4 Bxe4 7.Nc3 Bb7 8.d4 d6
9.exd6 Bxd6 10.Be3 O-O 11.Qh5 Nd7 12.Bd3 f5 13.f3 Nf6 14.Qh4 Be7 15.Qh3 c5
16.d5 b5 17.Nxb5 exd5  1/2-1/2

[Event "9th Ribeira Valley Open 2013"]
[Site "Registro BRA"]
[Date "2013.08.01"]
[Round "5.4"]
[White "Bachmann,Ax"]
[Black "Souza Neves,A"]
[Result "1-0"]
[WhiteElo "2536"]
[BlackElo "2172"]

1.c4 b6 2.Nc3 e6 3.d4 Bb4 4.Qc2 f5 5.e4 Ne7 6.Bd3 O-O 7.Ne2 d6 8.exf5 Nxf5
9.O-O Bxc3 10.bxc3 Qf6 11.Nf4 g5 12.Nh5 Qh6 13.Ng3 Nxg3 14.fxg3 Rxf1+ 15.Bxf1 Qg7
16.Qe4 c6 17.Ba3 d5 18.Qe3 e5 19.cxd5 cxd5 20.dxe5 Be6 21.Bb5 a6 22.Qxb6 Qa7
23.Qxa7 Rxa7 24.Ba4 Nd7 25.Bb3 Nb6 26.Rf1 Rf7 27.Rb1 Kg7 28.h3 h6 29.g4 a5
30.Bc2 Nc4 31.Bd6 Nxd6 32.exd6 d4 33.c4 Rd7 34.c5 Bxa2 35.Ra1 Bd5 36.Rxa5 Kf6
37.Bf5 Rb7 38.Ra6 Ke5 39.d7 Rb8 40.Rxh6  1-0

[Event "114th US Open"]
[Site "Middleton USA"]
[Date "2013.08.03"]
[Round "8"]
[White "Leon Hoyos,M"]
[Black "Watson,Jo"]
[Result "1/2-1/2"]
[WhiteElo "2580"]
[BlackElo "2333"]

1.c4 b6 2.Nc3 Bb7 3.e4 e6 4.g3 f5 5.Bg2 Nf6 6.d3 fxe4 7.Nge2 Nc6 8.Nxe4 Nxe4
9.Bxe4 Qf6 10.O-O O-O-O 11.d4 d5 12.cxd5 Nb4 13.Bf4 Bxd5 14.Rc1 Bd6 15.Bxd6 Rxd6
16.Nc3 Nxa2 17.Bxd5 Nxc3 18.Bxe6+ Qxe6 19.Rxc3 Kb7 20.Qd3 Qd5 21.Ra1 a5 22.b4 Qxd4
23.Qc2 Rc6 24.Rxc6 Qxa1+ 25.Kg2 Qe5 26.bxa5 Ra8 27.Rc4 Rxa5 28.Qxh7 Qd5+
29.Qe4 Rc5 30.h4 b5 31.Rd4 Qxe4+ 32.Rxe4 Rd5 33.g4 Rd7 34.Re5 Kb6 35.Re6+  1/2-1/2

[Event "Arad Open 2013"]
[Site "Arad ROU"]
[Date "2013.08.04"]
[Round "3.18"]
[White "Cvetkovic,Sr"]
[Black "Luca,Ionel"]
[Result "1-0"]
[WhiteElo "2352"]
[BlackElo "2149"]

1.c4 b6 2.Nc3 Bb7 3.e4 e6 4.Nf3 Ne7 5.d4 Ng6 6.a3 Be7 7.g3 O-O 8.Bg2 f5 9.exf5 Rxf5
10.O-O Qf8 11.d5 exd5 12.Nd4 Rf7 13.Nxd5 Nc6 14.Nxc7 Nge5 15.Nxc6 Bxc6 16.Bxc6 dxc6
17.Nxa8 Qxa8 18.Bf4 Ng6 19.Bd6 Qc8 20.Bxe7 Nxe7 21.Qe2 Ng6 22.Rad1 Re7 23.Qd3 Qf8
24.f4 Qf6 25.Qd4 Qf5 26.Rfe1 h5 27.Rxe7 Nxe7 28.Re1 Ng6 29.Qe4 Qc5+ 30.Qe3  1-0

[Event "Stockholm Open 2013"]
[Site "Stockholm SWE"]
[Date "2013.08.07"]
[Round "5.7"]
[White "Nyberg,Leif"]
[Black "Hallerod,R"]
[Result "0-1"]
[WhiteElo "1944"]
[BlackElo "2128"]

1.c4 b6 2.Nc3 g6 3.e4 c5 4.Nge2 Bg7 5.d4 cxd4 6.Nxd4 Bb7 7.Be3 Nc6 8.Be2 d6
9.O-O Nf6 10.Rc1 O-O 11.f3 Nd7 12.Qd2 Rc8 13.b3 Re8 14.f4 Qc7 15.Ncb5 Qb8
16.Bf3 Nc5 17.Ne2 Nd8 18.Ng3 h5 19.Bd4 Bh6 20.Rce1 Nde6 21.Be3 h4 22.f5 Bxe3+
23.Qxe3 hxg3 24.fxg6 gxh2+ 25.Kh1 fxg6 26.Qh6 Rf8 27.Qxg6+ Ng7 28.Bg4 Bxe4
29.Bf5 Bxf5  0-1

[Event "Geraardsbergen Open 2013"]
[Site "Geraardsbergen BEL"]
[Date "2013.08.12"]
[Round "5.3"]
[White "Barbier,S"]
[Black "Van Mechelen,J"]
[Result "1/2-1/2"]
[WhiteElo "2106"]
[BlackElo "2179"]

1.c4 b6 2.Nc3 Bb7 3.e4 e5 4.d3 Nc6 5.g3 Bc5 6.Bg2 Nge7 7.Nge2 O-O 8.O-O Nd4
9.Nxd4 Bxd4 10.Ne2 Bc5 11.Bd2 Nc6 12.Rb1 Nd4 13.b4 Nxe2+ 14.Qxe2 Bd4 15.Be3 Bxe3
16.Qxe3 a5 17.b5 d6  1/2-1/2

[Event "XI Miguel Najdorf Open A 2013"]
[Site "Warsaw POL"]
[Date "2013.08.13"]
[Round "9.22"]
[White "Kubeczko,Grzegorz"]
[Black "Kosiorek,P"]
[Result "1/2-1/2"]
[WhiteElo "2024"]
[BlackElo "2057"]

1.c4 b6 2.Nc3 Bb7 3.e4 e6 4.g3 f5 5.Bg2 Nf6 6.Nge2 Nxe4 7.Nxe4 Bxe4 8.Bxe4 fxe4
9.Nc3 g6 10.Nxe4 d5 11.cxd5 exd5 12.Qa4+ c6 13.Nc3 Bg7 14.O-O O-O 15.d3 Qf6
16.Qg4 Qf5 17.Qxf5 Rxf5 18.Bf4 Nd7 19.Rad1 Bd4 20.h4 Raf8 21.Rfe1 Ne5 22.Kg2 Ng4
23.Re2 h6 24.f3 Rxf4 25.gxf4 Ne3+ 26.Kg3 Nxd1 27.Nxd1 Kf7 28.b3 Rd8 29.Nf2 Bxf2+
30.Kxf2 Rd6 31.Re5  1/2-1/2

[Event "29th Metropolitan IM"]
[Site "Los Angeles USA"]
[Date "2013.08.15"]
[Round "2"]
[White "Casella,M"]
[Black "Yankovsky,R"]
[Result "0-1"]
[WhiteElo "2224"]
[BlackElo "2443"]

1.c4 b6 2.Nc3 Bb7 3.e4 c5 4.g3 e6 5.Bg2 Ne7 6.Nge2 Nec6 7.O-O Be7 8.d3 O-O
9.Be3 Na6 10.Qd2 Nc7 11.Rad1 Qc8 12.f4 Rd8 13.f5 Ne5 14.Bf4 Bf6 15.Bg5 Bxg5
16.Qxg5 exf5 17.Rxf5 d6 18.Qe3 Qd7 19.Bh3 Qe7 20.Rf2 Ne6 21.Rf5 g6 22.Rff1 Qg5
23.Qf2 Nc7 24.Qf4 h6 25.Bg2 Ne6 26.Qf2 Rf8 27.h4 Qe7 28.Bh3 Kg7 29.Nf4 Nd4
30.Qe3 Qd8 31.Rf2 Bc8 32.Bxc8 Qxc8 33.Rff1 Rb8 34.Kg2 Qg4 35.Nfd5 b5 36.Rf4 Qd7
37.cxb5 Nxb5 38.Nxb5 Qxb5 39.b3 a5 40.d4 cxd4 41.Qxd4 Qc5 42.Rf2 Rfc8 43.Qd2 h5
44.Qf4 Rb7 45.Ne7 Re8 46.Rd5 Qa7 47.Qf6+ Kh7 48.Nf5 Qxf2+  0-1

[Event "9th BDO Challenger"]
[Site "Haarlem NED"]
[Date "2013.08.21"]
[Round "5.3"]
[White "Buchal,S"]
[Black "De Jager,J"]
[Result "1/2-1/2"]
[WhiteElo "2296"]
[BlackElo "2404"]

1.c4 b6 2.Nc3 e6 3.e4 Bb4 4.Nge2 Bb7 5.g3 f5 6.Bg2 Nf6 7.d3 fxe4 8.O-O O-O
9.dxe4 Ng4 10.Na4 Qe7  1/2-1/2

[Event "20th Graz Open 2013"]
[Site "Graz AUT"]
[Date "2013.08.26"]
[Round "3.8"]
[White "Kodric,Tilen"]
[Black "Loebler,H"]
[Result "1/2-1/2"]
[WhiteElo "1617"]
[BlackElo "2148"]

1.c4 b6 2.Nf3 Bb7 3.g3 Bxf3 4.exf3 c5 5.Bg2 Nc6 6.f4 g6 7.Nc3 Bg7 8.d3 Rc8
9.Be3 Nf6 10.Qe2 a6 11.h4 Nd4 12.Bxd4 cxd4 13.Ne4 Nxe4 14.Bxe4 b5 15.cxb5 axb5
16.h5 Qc7 17.hxg6 hxg6 18.Rxh8+ Bxh8 19.Kd1 e6 20.Qd2 f5 21.Bf3  1/2-1/2

[Event "Lidkoping Open"]
[Site "Lidkoping SWE"]
[Date "2013.08.31"]
[Round "4"]
[White "Tikkanen,H"]
[Black "Aroven,M"]
[Result "1-0"]
[WhiteElo "2544"]
[BlackElo "2101"]

1.c4 b6 2.Nc3 Nf6 3.e4 e5 4.Nf3 Nc6 5.Be2 g6 6.O-O Bg7 7.d4 exd4 8.Nxd4 O-O
9.Nc2 Re8 10.f3 Qe7 11.Be3 Ba6 12.Qd2 Na5 13.b3 Rad8 14.Rad1 c6 15.Bg5 d5
16.cxd5 Bxe2 17.Qxe2 h6 18.Be3 cxd5 19.Nxd5 Nxd5 20.exd5 Rc8 21.Rfe1 Bc3
22.d6 Qd7 23.Rf1 Re6 24.Qf2 Bg7 25.Bf4 g5 26.Bg3 f5 27.Nd4 Rf6 28.Be5 Re8
29.Bxf6 Bxf6 30.Qc2 Rc8 31.Qb1 Nc6 32.Nxf5  1-0

[Event "I Azuqueca Chess Classic 2013"]
[Site "Azuqueca de Henares ESP"]
[Date "2013.09.22"]
[Round "9.2"]
[White "Moreno Ruiz,J"]
[Black "Castellanos Rodriguez,R"]
[Result "1/2-1/2"]
[WhiteElo "2469"]
[BlackElo "2509"]

1.c4 b6 2.Nc3 Bb7 3.e4 e6 4.Nge2 Nf6 5.d3 c5 6.g3 Nc6 7.Bg2 Be7 8.O-O O-O
9.h3 a6 10.Be3 d6 11.f4 b5 12.b3 Qb6 13.g4 Nd4 14.Nxd4 cxd4 15.Bf2 Nd7 16.a4 bxc4
17.dxc4 e5 18.a5 Qd8 19.Nd5 Rb8 20.Nxe7+ Qxe7 21.b4 Rfc8 22.Rc1 Ba8 23.Qd2 exf4
24.Bxd4 Ne5 25.Bxe5 dxe5 26.c5 Rd8 27.Qc3 h5 28.gxh5 Rd4 29.Rxf4 Rbxb4 30.Rg4 Bxe4
31.c6 Bf5 32.Rxd4 Rxd4 33.c7 Bc8 34.Rb1 Qd7 35.Rb8 Kh7 36.Qc6 Qf5 37.Qf3 Rf4
38.Qc3 Rd4 39.Rxc8 Qxc8 40.Qc2+ f5 41.Bb7 Rd1+ 42.Qxd1 Qxc7 43.Qb1 e4 44.Bxe4 fxe4
45.Qxe4+ Kh8 46.Qe8+ Kh7 47.Qg6+ Kh8 48.Qe8+ Kh7 49.Qg6+ Kh8 50.Qxa6 Qg3+
51.Kf1 Qxh3+ 52.Ke1 Qh4+ 53.Kd2 Qf2+ 54.Kc3 Qc5+ 55.Kb3 Qxh5 56.Qa8+ Kh7
57.Qe4+ Kh6 58.Qc6+ g6 59.a6 Qa5 60.Qh1+ Kg5 61.Qb7 Qa1 62.Kc4 Qc1+ 63.Kb5 Qb2+
64.Kc6 Qf6+ 65.Kd7 Qf5+ 66.Kc7 Qe5+ 67.Kd8 Qh8+ 68.Kd7 Qh3+ 69.Kc7 Qh2+ 70.Kc6 Qh1+
71.Kd6 Qh2+ 72.Ke6 Qh3+ 73.Ke7 Qh7+ 74.Kd6  1/2-1/2